000 00311cam a22001097a 4500
008 180718b1997 xxu||||| |||| 00| 0 eng d
082 _aA75 R137BAR
245 _aRajasthan district gazetteers: Baran
260 _aJaipur
_bDirectorate, District Gazetteers
_c1997
300 _a442+p.
650 _aBaran - Gazetteers
999 _c487992
_d487992